Which Country is Smaller? - Statistics

General Stats
  • This quiz has been taken 85 times
  • The average score is 11 of 20
Answer Stats
Question Answer % Correct
Brazil Australia
100%
Angola Colombia
100%
Algeria D.R. Congo
100%
Libya Iran
100%
United Arab Emirates Panama
100%
Bahrain Tonga
100%
Romania Belarus
50%
Spain Cameroon
50%
Cuba Iceland
50%
North Macedonia Israel
50%
Eswatini Jamaica
50%
Morocco Japan
50%
Greece Malawi
50%
Poland Philippines
50%
Denmark Taiwan
50%
Brunei Trinidad and Tobago
50%
Myanmar France
0%
Malta Maldives
0%
Tuvalu Nauru
0%
Tanzania Nigeria
0%
No matching quizzes found
Score Distribution
Percent of People with Each Score
Percentile by Number Answered
Your Score History
You have not taken this quiz